ARRUPE JESUIT UNIVERSITY

CORONAVIRUS -STOP THE SPREAD - CLEAN,DISINFECT,COVER

The African Synod : (Record no. 128401)

MARC details
000 -LEADER
fixed length control field 01295cam a2200361 a 4500
001 - CONTROL NUMBER
control field 4449726
003 - CONTROL NUMBER IDENTIFIER
control field ARRUPE
005 - DATE AND TIME OF LATEST TRANSACTION
control field 20181016144602.0
008 - FIXED-LENGTH DATA ELEMENTS--GENERAL INFORMATION
fixed length control field 950126s1994 ke b 000 0 eng
010 ## - LIBRARY OF CONGRESS CONTROL NUMBER
LC control number 94982783
020 ## - INTERNATIONAL STANDARD BOOK NUMBER
International Standard Book Number 9966836144 :
Terms of availability Kshs280.00
040 ## - CATALOGING SOURCE
Original cataloging agency DLC
Transcribing agency DLC
Modifying agency DLC
042 ## - AUTHENTICATION CODE
Authentication code lcode
043 ## - GEOGRAPHIC AREA CODE
Geographic area code f------
050 00 - LIBRARY OF CONGRESS CALL NUMBER
Classification number BX839.A4
Item number O41 1994
082 00 - DEWEY DECIMAL CLASSIFICATION NUMBER
Classification number 282/.6/09049
Edition number 20
300 ## - PHYSICAL DESCRIPTION
Dimensions 22 cm.
100 1# - MAIN ENTRY--PERSONAL NAME
Personal name Okolo, Chukwudum Barnabas.
9 (RLIN) 42976
245 14 - TITLE STATEMENT
Title The African Synod :
Remainder of title hope for the continent's liberation /
Statement of responsibility, etc Chukwudum B. Okolo.
260 ## - PUBLICATION, DISTRIBUTION, ETC. (IMPRINT)
Place of publication, distribution, etc Eldoret, Kenya :
Name of publisher, distributor, etc AMECEA Gaba Publications,
Date of publication, distribution, etc 1994.
300 ## - PHYSICAL DESCRIPTION
Extent x, 102 p. ;
490 1# - SERIES STATEMENT
Series statement Spearhead ;
Volume number/sequential designation nos. 130-131
504 ## - BIBLIOGRAPHY, ETC. NOTE
Bibliography, etc Includes bibliographical references (p. [95]-102).
610 20 - SUBJECT ADDED ENTRY--CORPORATE NAME
Corporate name or jurisdiction name as entry element Catholic Church
General subdivision Africa.
9 (RLIN) 1176
611 20 - SUBJECT ADDED ENTRY--MEETING NAME
Meeting name or jurisdiction name as entry element African Synod
Date of meeting (1994 :
Location of meeting Rome, Italy)
9 (RLIN) 42977
711 2# - ADDED ENTRY--MEETING NAME
Meeting name or jurisdiction name as entry element African Synod
Date of meeting (1994 :
Location of meeting Rome, Italy)
9 (RLIN) 42977
830 #0 - SERIES ADDED ENTRY--UNIFORM TITLE
Uniform title AMECEA Gaba Publications spearhead ;
Volume number/sequential designation 130-131.
9 (RLIN) 42978
906 ## - LOCAL DATA ELEMENT F, LDF (RLIN)
a 7
b cbc
c origode
d 3
e ncip
f 19
g y-gencatlg
942 ## - ADDED ENTRY ELEMENTS (KOHA)
Source of classification or shelving scheme Library of Congress Classification
Koha item type Monograph ( Printed materials)
Holdings
Withdrawn status Lost status Source of classification or shelving scheme Damaged status Not for loan Collection code Home library Current library Shelving location Date acquired Total Checkouts Full call number Barcode Date last seen Price effective from Koha item type
    Library of Congress Classification     Main Collection ARRUPE LIBRARY ARRUPE LIBRARY Main Collection 16/10/2018   BX839.A4 O41 1994 46600002955 16/10/2018 16/10/2018 Monograph ( Printed materials)

 

Arrupe Library. PO Box MP320 Mt Pleasant, Harare, Zimbabwe
263 242 745411|librarian@aju.ac.zw